| 000 | 00396nam a22001697a 4500 | ||
|---|---|---|---|
| 005 | 20160614102735.0 | ||
| 008 | 160614b xxu||||| |||| 00| 0 eng d | ||
| 020 | _a81-297-0805-1 | ||
| 041 | _aeng | ||
| 082 | _b7328 | ||
| 100 |
_aRowe, Alan J _9254 |
||
| 245 | _aCreative Intellience | ||
| 260 |
_aDelhi _bpearson education _c2005 |
||
| 300 | _a142 | ||
| 650 |
_aManagement _9241 |
||
| 942 | _cBK | ||
| 999 |
_c2584 _d2583 |
||